| 000 | 01252 a2200241 4500 | ||
|---|---|---|---|
| 001 | 37792 | ||
| 005 | 20260407155644.0 | ||
| 008 | 260407a1992 arg spa d | ||
| 003 | AR-UNSa-BCEJYS | ||
| 040 |
_aAR-UNSa-BCEJYS _bspa _cAR-UNSa-BCEJYS |
||
| 080 |
_a512.64 _xAlgebra lineal y multilineal |
||
| 245 | 1 | 0 | _aAlgebra Lineal |
| 250 | _a2a. ed | ||
| 264 | 1 |
_aMéxico : _bMcGraw-Hill _c1992 |
|
| 300 |
_a552 p. _c24 cm. |
||
| 505 | _a1. Sistemas de ecuaciones lineales - 2. Vectores en R y C.Vectores espaciales - 3. Matrices - 4. Matrices cuadradas.Matrices elementales - 5. Espacio vectoriales - 6. Espacios con producto interno.Ortogonalidad - 7. Determinantes - 8. Valores propios y vectores propios.Diagonalización - 9. Aplicaciones lineales - 10. Matrices y aplicaciones lineales - 11. Formas canonicas - 12. Funcionales lineales y espacio dual - 13. Formas bilineales, Cuadraticas y hermiticas - 14. Operadores lineales en espacios con productos interno. | ||
| 942 | _cBK | ||
| 590 | _aniveau_biblio:m niveau_hierar:0 | ||
| 100 | 1 | _aLipschutz, Seymour | |
| 700 | 1 | _aParedes Manchola, Hugo | |
| 700 | 1 | _aJimenez Becerra, Luis Rafael | |
| 856 | 4 | 1 |
_uhttps://biblioeco.unsa.edu.ar/pmb/images/libros/L69966.jpg _yImagen de portada _qimage/jpeg |
| 999 |
_c2799 _d2799 |
||